1639 1470 1704 1683 1474 1699 1096 1447 1362 1015 1746 1163 1984 1637 1511 1369 1668 1955 1952 1560 1950 1807 1958 1280 1780 1663 1634 1174 1853 1003 1898 1513 1212 1937 1105 1590 1756 1100 1649 1033 1676 1954 1523 1928 1941 1739 1304 1403 1719 1681 1836 1878 1667 1305 1358 1745 1035 1345 1827 1934 1203 1604 1924 1025 1346 1466 1978 1774 1322 1960 1418 1715 1402 1012 1332 1995 1619 1043 1606 1184 1776 1134 1994 1397 1987 1996 1060 1860 1771 1691 1819 1639 1285 1980 1752 1843 1815 1279 1885 BCNSPRNW ULIB Ver.6.0+V

เปลี่ยนเป็นภาษาไทย

Change to English
 แสดงรายละเอียดบรรณานุกรม
  กลับหน้าหลัก

Brief Record : Get Marc (ISO 2709) : E-mail record : QR code < ปิดหน้าต่าง
LEADER : 00000nam 2200000uu 4500
001    13399109134
003     ULIB
008    110322s2549||||th 000 0 tha d
020    9748133001
060  4 WA295^bศ684บ 2549
245 00 บทเรียนการบริหารจัดการศพในเหตุการณ์สึนามิ /^cศุภชัยคุณารัตนพฤกษ์, ธานินทร์ ภู่พัฒน์, บรรณาธิการ
250    พิมพ์ครั้งที่ 1
260    [นนทบุรี] :^bอนุกรรมการด้านการชันสูตรพลิกศพและพิสูจน์เอกลักษณ์ศพ กระทรวงสาธารณสุข,^c2549
300    120 หน้า :^bภาพประกอบ ;^c21 ซม.
650  7 นิติเวชศาสตร์^xวิธีการ
650  7 ภัยธรรมชาติ
650  7 วินาศภัย
650  7 ศพ
650  7 สึนามิ
650  7 สีนามิ^zไทย
700 0  ศุภชัย คุณารัตนพฤกษ์,^eบรรณาธิการ
700 0  ธานินทร์ ภู่พัฒน์,^eบรรณาธิการ
710 2  กระทรวงสาธารณสุข.^bอนุกรรมการด้านการชันสูตรพลิกศพและพิสูจน์เอกลักษณ์ศพ
945    ^p0^l0^i020327
995    ทศพร
999 ^a ใช้งานได้ทุกระบบ
รายการนี้ยังไม่มีแท็ก
คุณยังไม่ได้ล็อกอิน คุณสามารถมีกิจกรรมร่วมกับเว็บไซต์ได้ แต่ต้องล็อกอินก่อน ::
  ล็อกอิน

รายการสื่อสารสนเทศ

ลำดับที่ ประเภท เลขเรียก/บาร์โค้ด สถานที่ สถานะ
- ไม่พบข้อมูล -

รายการใกล้เคียง
    หัวเรื่อง [ภัยธรรมชาติ]
    หัวเรื่อง [วินาศภัย]
    หัวเรื่อง [ศพ]
    หัวเรื่อง [สึนามิ]

BibComment


ยังไม่เคยถูกคอมเมนท์

คอมเมนท์ทรัพยากรรายการนี้
  คอมเมนท์: บทเรียนการบริหารจ..


 Copyright 2026. Bcnsprnw @Library